000 01785cam a22005054i 4500
003 PE-LiUPU
005 20250731173554.0
008 150616s1991 miu r 000 0 eng d
020 _a0340216794
035 _a(Sirsi) i9780340216798
040 _aPE-LiUPU
_bspa
_cPE-LiUPU
_erda
049 _aPRUA
082 0 4 _a221.07
_bNICOT
_221
100 1 _aAllen, Leslie C.,
_eautor.
245 1 4 _aThe Books of Joel, Obadiah, Jonah, and Micah /
_cLeslie C. Allen.
264 1 _aMichigan :
_bWilliam B. Eerdmans Publishing Co.,
_c1991.
300 _a427 páginas ;
_c24 centímetros.
336 _atext
_2rdacontent
337 _aunmediated
_2rdamedia
338 _avolume
_2rdacarrier
490 1 _aThe New International Commentary on the Old Testament
505 0 _aThe book of Joel -- The book of Obadiah -- The book of Jonah -- The book of Micah.
526 _aSEG42
526 _aSEG41
526 _aSEG40
526 _aSEG39
526 _aP94
526 _aP87
526 _aP86
526 _aP85
526 _aP77
526 _aP76
526 _aP35
630 _aBiblia.
_pA.T.
_pAbdías
_xComentarios.
630 _aBiblia.
_pA.T.
_pJoel
_xComentarios.
630 _aBiblia.
_pA.T.
_pJonás
_xComentarios.
630 _aBiblia.
_pA.T.
_pMiqueas
_xComentarios.
910 _ajck
_bjvq
_cjck
942 _2ddc
_cBOOK
949 _a221.07 NICOT 29
_wDEWEY
_c1
_i37788
_lCCODEBUL1
_mBUL
_r0
_sY
_tBOOK
_u2015-6-16
_xTEOLOGIA
_zUNKNOWN
_0COMPRA
_o.STAFF. Colección Teología
994 _aC0
_bPEPRU
596 _a1
999 _a221.07 NICOT 29
_wDEWEY
_c61419
_i37788
_d61419
_f2021-11-11
_g5
_lCCODEBUL1
_mBUL
_p23.00
_q6
_r0
_sY
_tBOOK
_u2015-6-16
_xTEOLOGIA
_PP35
_0COMPRA
_o.STAFF. Colección Teología
980 _81
_gALBERTO SANCHEZ Responsable de Automatización